000 00491nam a2200169Ia 4500
003 GCL
008 140319s9999 xx 000 0 ara d
040 _aGCL /
_cGCL
082 0 4 _a819.9
_bع ع
100 1 _aعباس محمود العقاد
245 1 0 _aعبقرية المسيح /
_cعباس محمود العقاد
490 _aكتاب اليوم
_v0
650 0 4 _aالمسيح
650 0 4 _aالدين المسيحى
650 0 4 _aالمسيحية - عبادات
942 _2ddc
_cBK
999 _c38334
_d38334